Cities With The Highest % Foreigners - Statistics

General Stats
  • This quiz has been taken 31 times
  • The average score is 11 of 14
Answer Stats
% Answer % Correct
37 London
97%
37 New York City
97%
39 Los Angeles
94%
25 Paris
90%
83 Dubai
87%
46 Toronto
81%
28 Amsterdam
77%
62 Brussels
77%
38 Singapore
77%
39 Sydney
74%
35 Melbourne
65%
23 Stockholm
58%
27 Frankfurt
48%
39 Auckland
42%
No matching quizzes found
Score Distribution
Percent of People with Each Score
Percentile by Number Answered
Your Score History
You have not taken this quiz